000 00539nam a22001937a 4500
003 KOHA_MİRAKIL
005 20250930142450.0
008 250930b tu ||||| |||| 00| 0 tur d
020 _a9789755339054
040 _aTR-AnABB
_btur
_cTR-AnABB
041 _atur
082 _a889.332
_bDEL 2018
100 1 _aDelta, S. Pinelopi,
245 1 0 _aİsmi olmayan masal /
_cPinelopi S. Delta
260 _aİstanbul :
_bİmge Kitapevi,
_c2018
300 _a205 sayfa ;
_c20 cm
650 0 4 _aYunan edebiyatı, roman
942 _2ddc
_cBK
999 _c8975
_d8975
900 _bGizem YORULMAZ